The end of epistemology : Dewey and his current allies on the spectator theory of knowledge
Αποθηκεύτηκε σε:
| Κύριος συγγραφέας: | |
|---|---|
| Άλλοι συγγραφείς: | |
| Μορφή: | Βιβλίο |
| Γλώσσα: | English |
| Δημοσίευση: |
Westport, Connecticut :
Greenwood Press,
c1992.
|
| Σειρά: | Contributions in philosophy ;
50 |
| Θέματα: | |
| Ετικέτες: |
Προσθήκη ετικέτας
Δεν υπάρχουν, Καταχωρήστε ετικέτα πρώτοι!
|
MARC
| LEADER | 00000cam a2200000 i 4500 | ||
|---|---|---|---|
| 001 | 1/1159 | ||
| 008 | 000417s1992 ctu| ||| |||| ||eng|| | ||
| 020 | |a 0313285365 | ||
| 035 | |l 10059916 | ||
| 040 | |a GR-MyUa |b gre |e AACR2 | ||
| 041 | 0 | |a eng | |
| 082 | 7 | |a 121.092 |2 (22) | |
| 100 | 1 | |a Kulp, Christpher B. | |
| 245 | 1 | 4 | |a The end of epistemology : |b Dewey and his current allies on the spectator theory of knowledge / |c Christopher B. Kulp. |
| 260 | |a Westport, Connecticut : |b Greenwood Press, |c c1992. | ||
| 300 | |a 210 σ. ; |c 24 εκ. | ||
| 490 | 1 | |a (Contributions in philosophy, |x 0084-926X ; |v 50) | |
| 504 | |a Περιλαμβάνει βιβλιογραφικές παραπομπές. | ||
| 650 | 0 | 0 | |a Knowledge, Theory of |x History |y 20th century. |
| 700 | 1 | |a Dewey, John, |d 1859-1952. | |
| 830 | 0 | |a Contributions in philosophy ; |v 50 | |
| 852 | |a INST |b LESVOS |e 20000417 |h 121.092 KUL |p 005100020288 |q 005100020288 |t BK |y 0 | ||
| 901 | |a BIBL1-2000-1 | ||
| 922 | |a 1ΕΛΗ |b 200002 |c ΚΠΣ/ΤΚ |d GLORY | ||
| 950 | |a 103-1999-12-08 | ||
| 970 | |a ΤΖΑΦΕΡΗ |b ΕΥΑΓΓΕΛΙΑ |z 2000/04/19 | ||